Yoga asanas and their benefits (Record no. 396212)

MARC details
000 -LEADER
fixed length control field 00486 a2200193 4500
005 - DATE & TIME
control field 20260225095828.0
008 - FIXED-LENGTH DATA ELEMENTS--GENERAL INFORMATION
fixed length control field 260224b |||||||| |||| 00| 0 eng d
020 ## - ISBN
International Standard Book Number 9788194361190
Price Rs, 800.00
040 ## - CATALOGING SOURCE
Original cataloging agency VIVEKANANDA LIBRARY
082 ## - DDC NUMBER
Classification number 796.076137046
Book Number S26Y
100 ## - MAIN ENTRY--PERSONAL NAME
Personal name Shaw, Dhananjay
245 ## - TITLE STATEMENT
Title Yoga asanas and their benefits
260 ## - PUBLICATION, DISTRIBUTION, ETC. (IMPRINT)
Name of publisher, distributor, etc Sports Publication
Date of publication, distribution, etc 2026
Place of publication, distribution, etc New Delhi
300 ## - PHYSICAL DESCRIPTION
Pages 160
650 ## - Subject
Subject Yoga
650 ## - Subject
Subject Asanas
650 ## - Subject
Subject Benefits of Yoga
942 ## - ADDED ENTRY ELEMENTS (KOHA)
Koha item type Books
Holdings
Withdrawn status Lost status Source of classification or shelving scheme Damaged status Not for loan Location (home branch) Sublocation or collection (holding branch) Shelving location Date acquired Koha issues (times borrowed) Koha full call number Accession No. Koha date last seen Koha item type
    Dewey Decimal Classification     VIVEKANANDA LIBRARY VIVEKANANDA LIBRARY Vivekananda Library 02/02/2026   796.076137046 S26Y 444976 02/02/2026 Books
    Dewey Decimal Classification     VIVEKANANDA LIBRARY VIVEKANANDA LIBRARY Vivekananda Library 02/02/2026   796.076137046 S26Y 444977 02/02/2026 Books
© Designed and Maintained by Vivekananda Library, MDU Rohtak